Statistics for Country Names with Vowels in Alphabetic Order

Click here to take the quiz!

General Stats

  • This quiz has been taken 42 times
  • The average score is 9 of 12

Answer Stats

HintCountry% Correct
South AmericaBrazil
94%
EuropeFrance
91%
EuropeSpain
88%
AfricaMali
85%
South AmericaPeru
85%
AfricaEgypt
79%
North AmericaMexico
79%
EuropeBelgium
76%
AsiaLaos
74%
AfricaBenin
68%
AfricaGabon
68%
AfricaChad
59%

Score Distribution

Percentile by Number Answered

Percent of People with Each Score

Your Score History

You have not taken this quiz